Plats avec du Lard / Bacon - Mort Subite - Statistiques

Statistiques générales
  • Ce quiz a été pris 63 fois
  • Le résultat moyen est 7 sur 16
Answers on the Grid
Answers color-coded by a green-red scale on the quiz's grid according to % correct below.
Salade lyonnaise
Tartiflette
BLT
English breakfast
Quiche lorraine
Club sandwich
Touffaye / Tofailles
Tarte flambée / Flammekueche
Slavink
Rinderrouladen
Fèves au lard / Bines
Spaghetti à la carbonara
Oreilles de crisse
Peameal bacon sandwich
Kakuni
BBQ coréen / Samgyeopsal-gui
Rigatoni au pesto
Osso buco
Sol over Gudhjem
Fettuccine Alfredo
Navarin
Pastrami on rye
Peposo
Salade grecque
Fattouche
Oreilles d'âne
Tsukemono
Fårikål
 
Statistiques - réponses
Réponse % Correct
Quiche lorraine
81%
Tarte flambée / Flammekueche
77%
Spaghetti à la carbonara
75%
Fèves au lard / Bines
73%
Tartiflette
73%
Peameal bacon sandwich
71%
English breakfast
69%
Club sandwich
31%
Salade lyonnaise
25%
BLT
23%
BBQ coréen / Samgyeopsal-gui
21%
Oreilles de crisse
13%
Rinderrouladen
13%
Touffaye / Tofailles
13%
Slavink
4%
Kakuni
0%
Aucun quiz correspondant
Distribution des résultats
% des personnes avec chaque résultat
Percentile par nombre de réponses
Votre historique - résultats
Vous n’avez pas pris ce quiz